Mentoring of the adaptation process
Problematika mentoringu v adaptačnom procese vybranej organizácie. História mentoringu. Typy, ciele a zásady mentoringu. Úloha mentora v adaptačnom procese.
Enregistré dans:
| Auteur principal: | |
|---|---|
| Format: | Chapitre de livre |
| Langue: | anglais |
| Sujets: | |
| Tags: |
Pas de tags, Soyez le premier à ajouter un tag!
|
MARC
| LEADER | 00000naa a2200000 4500 | ||
|---|---|---|---|
| 001 | 0151657 | ||
| 005 | 20231207073806.7 | ||
| 041 | 0 | |a eng | |
| 044 | |a SK | ||
| 245 | 1 | 0 | |a Mentoring of the adaptation process |c Lenka Kempová |
| 520 | |a Problematika mentoringu v adaptačnom procese vybranej organizácie. História mentoringu. Typy, ciele a zásady mentoringu. Úloha mentora v adaptačnom procese. | ||
| 610 | 2 | 0 | |a adaptácia |
| 610 | 2 | 0 | |a podnik |
| 610 | 2 | 0 | |a zamestnanci |
| 610 | 2 | 0 | |a história |
| 610 | 2 | 0 | |a vedenie podniku |
| 610 | 2 | 0 | |a vedenie ľudí |
| 610 | 2 | 0 | |a mentoring |
| 100 | 1 | |a Kempová, Lenka | |